[Event "9th EUROPEAN  INDIVIDUAL  WOME"]
[Site "Plovdiv, Bulgaria"]
[Date "2008.05.01"]
[Round "10"]
[Board "1"]
[White "Gromova, Iulia"]
[Black "Ni, Viktorija"]
[Result "0-1"]
[WhiteElo "2232"]
[BlackElo "2120"]
[PlyCount "72"]
[EventDate "2008.04.21"]
[EventRounds "11"]
[EventCountry "BUL"]

1.d4 Nf6 2.c4 g6 3.Nc3 Bg7 4.e4 d6 5.f3 O-O 6.Be3 Nc6 7.Qd2 a6 8.Nge2 e5 9.d5
Na5 10.Nc1 c5 11.a3 b5 12.cxb5 axb5 13.Nxb5 Ba6 14.b4 Qd7 15.Nxd6 Bxf1 16.Rxf1
cxb4 17.axb4 Nc4 18.Nxc4 Rxa1 19.Nxe5 Qb5 20.Nc6 Rfa8 21.Qe2 Qb7 22.Kf2 Nd7
23.Nb3 R1a2 24.Nd2 Ne5 25.b5 R8a3 26.Nxe5 Bxe5 27.Kg1 Rc2 28.Rd1 Raa2 29.Qf1 Qc7
30.f4 Qc3 31.Qf2 Ra1 32.Rf1 Rxf1+ 33.Kxf1 Bd4 34.Bxd4 Qd3+ 35.Qe2 Qxd4 36.Nf3
Qa1+

[Event "9th EUROPEAN  INDIVIDUAL  WOME"]
[Site "Plovdiv, Bulgaria"]
[Date "2008.05.01"]
[Round "10"]
[Board "1"]
[White "Cherednichenko, Elena"]
[Black "Umudova, Nargiz"]
[Result "0-1"]
[WhiteElo "2155"]
[BlackElo "2222"]
[PlyCount "100"]
[EventDate "2008.04.21"]
[EventRounds "11"]
[EventCountry "BUL"]

1.d4 Nf6 2.Nf3 g6 3.Bf4 Bg7 4.e3 O-O 5.Be2 d6 6.h3 c5 7.O-O Nbd7 8.c3 b6 9.Bh2
Bb7 10.Nbd2 Rc8 11.Rc1 Re8 12.a3 Rc7 13.b4 Qa8 14.Qb3 cxd4 15.cxd4 Rec8 16.Qb2
h6 17.Rfd1 Ne4 18.Nxe4 Bxe4 19.Ne1 Nf6 20.f3 Bd5 21.e4 Bc4 22.Bxc4 Rxc4 23.Rxc4
Rxc4 24.Bf4 Nd7 25.Be3 Qc8 26.Qd2 b5 27.Ra1 Nb6 28.Ra2 Na4 29.Rc2 Nc3 30.Kh2 a6
31.d5 h5 32.Rc1 Be5+ 33.Kh1 Ne2 34.Rxc4 Ng3+ 35.Kg1 Qxc4 36.Nd3 Bc3 37.Qd1 Qa2
38.Bf2 h4 39.Nf4 Qxa3 40.Bxg3 hxg3 41.Ne2 Qxb4 42.Kf1 Qc4 43.Qc2 b4 44.f4 Kg7
45.h4 a5 46.h5 a4 47.hxg6 a3 48.Kg1 a2 49.gxf7 a1=Q+ 50.Nc1 Bd4+

[Event "9th EUROPEAN  INDIVIDUAL  WOME"]
[Site "Plovdiv, Bulgaria"]
[Date "2008.05.01"]
[Round "10"]
[Board "1"]
[White "Makka, Ioulia"]
[Black "Vladimirova, Maria"]
[Result "1-0"]
[WhiteElo "2204"]
[BlackElo "1976"]
[PlyCount "103"]
[EventDate "2008.04.21"]
[EventRounds "11"]
[EventCountry "BUL"]

1.e4 c6 2.d4 d5 3.Nc3 dxe4 4.Nxe4 Bf5 5.Ng3 Bg6 6.N1e2 e6 7.Nf4 Bd6 8.h4 Qc7
9.Nxg6 hxg6 10.Ne4 Be7 11.g3 Nf6 12.Ng5 Qa5+ 13.c3 Nbd7 14.Bg2 Nd5 15.Bd2 Qc7
16.Qe2 N7f6 17.Bf3 Nh7 18.O-O-O Nxg5 19.hxg5 O-O-O 20.Kb1 Qb6 21.c4 Ba3 22.Be1
Rxh1 23.Bxh1 Ne7 24.c5 Bxc5 25.dxc5 Rxd1+ 26.Qxd1 Qxc5 27.Qg4 Nf5 28.Qb4 Qe5
29.Qe4 Qb5 30.Bg2 Nd6 31.Qe3 Nc4 32.Qb3 Qf5+ 33.Qc2 Qb5 34.Ka1 Qe5 35.Bb4 Nb6
36.Qc5 Qe2 37.a3 Nd5 38.Bxd5 exd5 39.Qf8+ Kd7 40.Qxf7+ Kc8 41.Qf8+ Kd7 42.Qxg7+
Kc8 43.Qxg6 Qf1+ 44.Qb1 Qxf2 45.g6 Qxg3 46.Qf5+ Kc7 47.Qf7+ Kb6 48.g7 Qg1+
49.Ka2 Qg4 50.g8=Q Qc4+ 51.Kb1 Qd3+ 52.Ka1

[Event "9th EUROPEAN  INDIVIDUAL  WOME"]
[Site "Plovdiv, Bulgaria"]
[Date "2008.05.01"]
[Round "10"]
[Board "1"]
[White "Bensdorp, Laura"]
[Black "Skinke, Katrina"]
[Result "1-0"]
[WhiteElo "2085"]
[BlackElo "2204"]
[PlyCount "99"]
[EventDate "2008.04.21"]
[EventRounds "11"]
[EventCountry "BUL"]

1.e4 d6 2.d4 Nf6 3.Nc3 g6 4.Bg5 Bg7 5.Qd2 h6 6.Bf4 g5 7.Bg3 Nh5 8.O-O-O Nd7
9.Bc4 c6 10.e5 Nb6 11.Bd3 Nxg3 12.hxg3 Qc7 13.f4 Bg4 14.Be2 Bxe2 15.Qxe2 O-O-O
16.Nf3 f6 17.Qe4 Kb8 18.Rhe1 d5 19.Qf5 Qd7 20.Qxd7 Rxd7 21.exf6 exf6 22.Re6 Kc7
23.Rde1 Nc8 24.Kd2 Nd6 25.Kd3 b5 26.Nd2 Nb7 27.Nd1 Nd8 28.Re7 Kd6 29.R7e2 Rf7
30.Nf3 Kd7 31.Ne3 Bf8 32.Nf5 Nb7 33.Re8 Nd8 34.c3 Rhh7 35.Nh2 a5 36.R8e2 Nb7
37.Ng4 h5 38.fxg5 hxg4 39.g6 Rh5 40.gxf7 Rxf5 41.Re8 Bd6 42.R1e6 Bf8 43.Re2 Bd6
44.Rg8 c5 45.f8=Q Bxf8 46.Rxf8 Nd6 47.dxc5 Ne4 48.Kd4 Ng5 49.Rfe8 Ne4 50.Ra8

[Event "9th EUROPEAN  INDIVIDUAL  WOME"]
[Site "Plovdiv, Bulgaria"]
[Date "2008.05.01"]
[Round "10"]
[Board "1"]
[White "Zhorzholiani, Meri"]
[Black "Cherednichenko, Svetlana"]
[Result "0-1"]
[WhiteElo "2133"]
[BlackElo "2270"]
[PlyCount "102"]
[EventDate "2008.04.21"]
[EventRounds "11"]
[EventCountry "BUL"]

1.d4 Nf6 2.c4 g6 3.Nc3 Bg7 4.e4 d6 5.f3 O-O 6.Be3 c5 7.Nge2 Nc6 8.Qd2 a6 9.d5
Ne5 10.Nc1 e6 11.a4 exd5 12.cxd5 Re8 13.Be2 Rb8 14.O-O Qa5 15.Nb3 Qb4 16.Qc2 Nc4
17.Bxc4 Qxc4 18.Bf2 Nd7 19.Nd2 Qb4 20.Ra3 Bd4 21.a5 Bxf2+ 22.Rxf2 Qd4 23.Ne2 Qf6
24.f4 b5 25.g4 c4 26.b4 cxb3 27.Nxb3 Qe7 28.Ng3 Nf6 29.h3 Nxe4 30.Re2 Qa7+
31.Kg2 Nf6 32.Rxe8+ Nxe8 33.Nd2 Nf6 34.Nde4 Nxd5 35.Qd2 Bb7 36.Kh2 Ba8 37.f5 Qe7
38.Rd3 Qe5 39.fxg6 hxg6 40.Qf2 Nf4 41.Rf3 Bxe4 42.Rxf4 Bd5 43.h4 Re8 44.h5 Qe1
45.Qxe1 Rxe1 46.Rd4 Re5 47.hxg6 fxg6 48.Nf1 Kf7 49.Nd2 Ke6 50.Kg3 Bc6 51.Nf1 Re1

[Event "9th EUROPEAN  INDIVIDUAL  WOME"]
[Site "Plovdiv, Bulgaria"]
[Date "2008.05.01"]
[Round "10"]
[Board "1"]
[White "Paikidze, Nazi"]
[Black "Bayrak, Asli"]
[Result "1-0"]
[WhiteElo "2347"]
[BlackElo "2031"]
[PlyCount "67"]
[EventDate "2008.04.21"]
[EventRounds "11"]
[EventCountry "BUL"]

1.d4 d5 2.Nf3 Nf6 3.Bg5 e6 4.c4 c6 5.Nc3 Nbd7 6.e3 Be7 7.Bd3 O-O 8.O-O Re8 9.Rc1
dxc4 10.Bxc4 b5 11.Bd3 Bb7 12.Qe2 a6 13.Rfd1 Qb6 14.Ne5 c5 15.dxc5 Nxc5 16.Bc2
Rac8 17.b4 Ncd7 18.Nxd7 Nxd7 19.Rxd7 Qc6 20.Rxb7 Qxb7 21.Bxe7 Rxe7 22.Rd1 Rec7
23.Ne4 Qa8 24.Nc5 a5 25.a3 axb4 26.axb4 g6 27.Qd3 Ra7 28.h4 Ra2 29.Bb3 Ra3 30.h5
Qc6 31.h6 Re8 32.Qc3 e5 33.Bxf7+ Kxf7 34.Qxa3

[Event "9th EUROPEAN  INDIVIDUAL  WOME"]
[Site "Plovdiv, Bulgaria"]
[Date "2008.05.01"]
[Round "10"]
[Board "1"]
[White "Padurariu, Ioana Smaranda"]
[Black "Grapsa, Georgia"]
[Result "1/2-1/2"]
[WhiteElo "2242"]
[BlackElo "2098"]
[PlyCount "96"]
[EventDate "2008.04.21"]
[EventRounds "11"]
[EventCountry "BUL"]

1.e4 d6 2.d4 g6 3.Nc3 Bg7 4.Be3 Nf6 5.Qd2 Ng4 6.Bg5 h6 7.Bh4 Nc6 8.Nf3 g5 9.Bg3
e5 10.Bb5 Bd7 11.d5 Ne7 12.Bxd7+ Qxd7 13.h4 Ng6 14.hxg5 O-O-O 15.O-O-O hxg5
16.Kb1 Nf4 17.Bxf4 gxf4 18.Nh4 Nf6 19.f3 Nh5 20.Nf5 Bf6 21.Qf2 Kb8 22.Rh3 Ng3
23.Rxh8 Rxh8 24.Nxg3 Bh4 25.Rh1 Qd8 26.Nb5 b6 27.Qf1 Bxg3 28.a4 Rxh1 29.Qxh1 a6
30.Nc3 Qh4 31.Qf1 Be1 32.Na2 a5 33.Nc1 Qf2 34.Qh1 Qh4 35.Qh3 Qf2 36.Nd3 Qf1
37.Ka2 Bd2 38.Qg4 Be1 39.Qg8+ Kb7 40.Qxf7 Qxg2 41.Nxe1 Qe2 42.Qe8 Qxe1 43.Qc6+
Kb8 44.Qc4 Qe3 45.Qd3 Kb7 46.Kb3 Qc5 47.Qc3 Qf2 48.Ka3 Qe3

[Event "9th EUROPEAN  INDIVIDUAL  WOME"]
[Site "Plovdiv, Bulgaria"]
[Date "2008.05.01"]
[Round "10"]
[Board "1"]
[White "Bednikova, Stefi"]
[Black "Jelica, Mara"]
[Result "0-1"]
[WhiteElo "2086"]
[BlackElo "2206"]
[PlyCount "108"]
[EventDate "2008.04.21"]
[EventRounds "11"]
[EventCountry "BUL"]

1.b3 e5 2.Bb2 Nc6 3.e4 Bc5 4.Nf3 d6 5.Bb5 Nf6 6.Nc3 O-O 7.Bxc6 bxc6 8.O-O Bg4
9.h3 Bh5 10.Re1 Bd4 11.Na4 Bxb2 12.Nxb2 Nxe4 13.Rxe4 f5 14.Re3 e4 15.Nd3 Bxf3
16.Rxf3 exf3 17.Qxf3 Qd7 18.Nb4 d5 19.d4 Rae8 20.Nd3 Qd6 21.Rd1 Re4 22.c3 Qe7
23.Ne5 c5 24.Qd3 cxd4 25.cxd4 c5 26.Qb5 Rd8 27.Qf1 Qf6 28.f4 Rxd4 29.Rxd4 cxd4
30.Qd3 Re8 31.Qxd4 Qb6 32.Nf3 Re2 33.Qxb6 axb6 34.a4 Re4 35.g3 Re3 36.Nd4 Rxg3+
37.Kf2 Rxh3 38.Nxf5 Rxb3 39.Ne7+ Kf7 40.Nxd5 Ke6 41.Nc7+ Kf5 42.Ne8 Kxf4 43.Nxg7
Rb2+ 44.Kf1 Ra2 45.Ne6+ Ke3 46.Nc7 Rxa4 47.Nd5+ Kf3 48.Kg1 Rg4+ 49.Kh2 b5 50.Nf6
b4 51.Kh1 b3 52.Nd7 Rh4+ 53.Kg1 b2 54.Ne5+ Kg3

[Event "9th EUROPEAN  INDIVIDUAL  WOME"]
[Site "Plovdiv, Bulgaria"]
[Date "2008.05.01"]
[Round "10"]
[Board "1"]
[White "Sarakauskiene, Zivile"]
[Black "Bakalarz, Grazyna"]
[Result "1-0"]
[WhiteElo "2198"]
[BlackElo "2006"]
[PlyCount "83"]
[EventDate "2008.04.21"]
[EventRounds "11"]
[EventCountry "BUL"]

1.e4 g6 2.d4 Bg7 3.h4 h5 4.Nh3 c6 5.c3 d5 6.e5 Nh6 7.Be2 Bf5 8.Nd2 Ng4 9.Nf1 c5
10.f3 Nh6 11.dxc5 Bxe5 12.Nf4 e6 13.Be3 Nc6 14.Qd2 Ng8 15.Nd3 Bxd3 16.Bxd3 d4
17.cxd4 Bxd4 18.Be4 Bxe3 19.Nxe3 Qxd2+ 20.Kxd2 O-O-O+ 21.Kc3 Nge7 22.Nc4 Nd5+
23.Bxd5 Rxd5 24.b4 f6 25.Rad1 Ne7 26.Nd6+ Kb8 27.Rde1 e5 28.Rd1 Rd8 29.Rxd5
Nxd5+ 30.Kb3 b6 31.g3 Ne3 32.Kc3 Nf5 33.Ne4 bxc5 34.bxc5 Kc7 35.g4 hxg4 36.fxg4
Ne3 37.Nxf6 Rd4 38.h5 gxh5 39.gxh5 Nd5+ 40.Nxd5+ Rxd5 41.h6 Rd8 42.h7

[Event "9th EUROPEAN  INDIVIDUAL  WOME"]
[Site "Plovdiv, Bulgaria"]
[Date "2008.05.01"]
[Round "10"]
[Board "1"]
[White "Efroimski, Marsel"]
[Black "Stiri, Alexandra"]
[Result "1-0"]
[WhiteElo "2081"]
[BlackElo "2193"]
[PlyCount "147"]
[EventDate "2008.04.21"]
[EventRounds "11"]
[EventCountry "BUL"]

1.e4 c5 2.Nf3 e6 3.d4 cxd4 4.Nxd4 Nf6 5.Nc3 Nc6 6.Ndb5 Bc5 7.Bf4 O-O 8.Bc7 Qe7
9.Bd6 Bxd6 10.Qxd6 Ne8 11.Qxe7 Nxe7 12.O-O-O f5 13.Nd6 Nxd6 14.Rxd6 fxe4 15.Nxe4
b6 16.Rd2 d5 17.Ng5 e5 18.Nf3 Rf5 19.Bb5 e4 20.Nd4 Rf6 21.Re1 Bb7 22.Bd7 g6
23.Ne6 Kf7 24.Ng5+ Kg7 25.Ne6+ Kf7 26.Ng5+ Kg7 27.f3 h6 28.Ne6+ Kf7 29.Nd4 Rd8
30.fxe4 dxe4 31.Nb5 Nd5 32.Bg4 h5 33.Be2 e3 34.Rdd1 Rc8 35.Bf3 Rc5 36.Nd4 Bc8
37.Nb3 Nf4 38.Nxc5 e2 39.Rd2 bxc5 40.g3 Ne6 41.Bd5 Ba6 42.c4 Kg7 43.Bxe6 Rxe6
44.b3 Bc8 45.Rd8 Rc6 46.Rxe2 Kf6 47.Rf8+ Kg5 48.Rf4 Bg4 49.Re5+ Bf5 50.Re2 Rd6
51.Re5 Ra6 52.Kb2 Rd6 53.Rd5 Re6 54.Rf2 Rc6 55.a4 Kg4 56.Rf4+ Kg5 57.Re4 Kf6
58.Ree5 Kg5 59.Rxc5 Rxc5 60.Rxc5 Kg4 61.Rd5 Kh3 62.Rd2 Be4 63.c5 a5 64.Rd4 Bf3
65.Rd6 g5 66.c6 Kxh2 67.c7 Bb7 68.Rh6 Kxg3 69.Rxh5 g4 70.Rh8 Kf2 71.c8=Q Bxc8
72.Rxc8 g3 73.b4 g2 74.Rc2+

[Event "9th EUROPEAN  INDIVIDUAL  WOME"]
[Site "Plovdiv, Bulgaria"]
[Date "2008.05.01"]
[Round "10"]
[Board "1"]
[White "Lematschko, Tatjana"]
[Black "Nikolaidou, Eleni"]
[Result "1/2-1/2"]
[WhiteElo "2189"]
[BlackElo "1817"]
[PlyCount "129"]
[EventDate "2008.04.21"]
[EventRounds "11"]
[EventCountry "BUL"]

1.d4 d5 2.Nf3 Nf6 3.g3 e6 4.Bg2 Be7 5.O-O O-O 6.c4 dxc4 7.Ne5 Nc6 8.Nxc6 bxc6
9.Bxc6 Rb8 10.Nc3 Bb7 11.Bb5 c5 12.dxc5 Bxc5 13.Qxd8 Rfxd8 14.Bxc4 Bc6 15.Bb3 h6
16.Bf4 Rb4 17.Rad1 Rxd1 18.Rxd1 Ng4 19.Rd8+ Kh7 20.Nd1 Bb5 21.h3 Nf6 22.Bc2+ g6
23.Be5 Be7 24.Rd4 Rxd4 25.Bxd4 a5 26.Nc3 Bc6 27.a3 Nd7 28.Na4 e5 29.Bc3 Bd8
30.h4 h5 31.Kf1 Kg8 32.Ke1 Kf8 33.Kd2 f5 34.e3 Bc7 35.f4 Ke7 36.Kc1 Nf6 37.Nc5
Nd5 38.Bd2 Bb6 39.b4 axb4 40.axb4 Kd6 41.Bb3 exf4 42.gxf4 Bxc5 43.bxc5+ Kxc5
44.Kd1 Bb5 45.Bc1 Bc4 46.Bc2 Nc3+ 47.Ke1 Nd5 48.Ba3+ Kb5 49.Kd2 Nb4 50.Bd1 Nd3
51.Kc3 Nc5 52.Kd4 Ne4 53.Be7 Bf7 54.Ke5 Nc3 55.Bf3 Kc4 56.Bc6 Kd3 57.Bc5 Bb3
58.Be8 Ne4 59.Bd4 Nd2 60.Bxg6 Nf3+ 61.Kf6 Nxh4 62.Bh7 Ke4 63.Kg5 Nf3+ 64.Kxh5
Nxd4 65.exd4

[Event "9th EUROPEAN  INDIVIDUAL  WOME"]
[Site "Plovdiv, Bulgaria"]
[Date "2008.05.01"]
[Round "10"]
[Board "1"]
[White "Coimbra, Margarida"]
[Black "Ikonomopoulou, Maria"]
[Result "0-1"]
[WhiteElo "2120"]
[BlackElo "2050"]
[PlyCount "86"]
[EventDate "2008.04.21"]
[EventRounds "11"]
[EventCountry "BUL"]

1.e4 e6 2.Qe2 c5 3.Nf3 Nc6 4.g3 g6 5.Bg2 Bg7 6.O-O d6 7.c3 Nge7 8.Na3 b6 9.Nc2
a5 10.Rd1 Ba6 11.Qe3 c4 12.d4 cxd3 13.Nce1 O-O 14.Nxd3 e5 15.b3 Qc7 16.c4 f5
17.Ba3 Bb7 18.Nc1 Rad8 19.Ne2 h6 20.Nd2 g5 21.f3 Bc8 22.Qd3 Rf6 23.Nf1 f4 24.g4
Nb4 25.Bxb4 axb4 26.Nd2 Qc5+ 27.Kf1 h5 28.h3 hxg4 29.fxg4 Bb7 30.Ng1 Qe3 31.Qxe3
fxe3+ 32.Ndf3 Bxe4 33.Ke2 Rg6 34.Kxe3 d5 35.cxd5 Nxd5+ 36.Kf2 Rc8 37.Rd2 Nc3
38.Re1 Rf8 39.Kg3 Kh8 40.Ne2 Bxf3 41.Bxf3 e4 42.Bh1 Be5+ 43.Kg2 e3

[Event "9th EUROPEAN  INDIVIDUAL  WOME"]
[Site "Plovdiv, Bulgaria"]
[Date "2008.05.01"]
[Round "10"]
[Board "1"]
[White "De Rosa, Maria"]
[Black "Boyarchenko, Marie"]
[Result "1-0"]
[WhiteElo "2094"]
[BlackElo "1877"]
[PlyCount "97"]
[EventDate "2008.04.21"]
[EventRounds "11"]
[EventCountry "BUL"]

1.e4 c5 2.Nf3 e6 3.d4 cxd4 4.Nxd4 a6 5.Bd3 Bc5 6.Nb3 Ba7 7.O-O Ne7 8.c4 d6 9.Qe2
Nbc6 10.Be3 e5 11.N1d2 Be6 12.Rac1 O-O 13.Rfd1 Bxe3 14.Qxe3 b6 15.Qe2 Ng6 16.g3
Qg5 17.Qe3 Qxe3 18.fxe3 Rfd8 19.a3 Nf8 20.Be2 a5 21.Na1 Nd7 22.Nb1 Nc5 23.Nc3
Kf8 24.b3 Rd7 25.Rd2 f6 26.Rb1 Bf7 27.Bd1 Ke8 28.Bg4 Rdd8 29.Rbd1 Ke7 30.Be2 h5
31.h4 Rd7 32.Kg2 Rb8 33.Kf3 Be6 34.Kg2 Bf7 35.b4 axb4 36.Nd5+ Kf8 37.Nxb4 Nxb4
38.axb4 Nxe4 39.Rc2 Rc8 40.Bd3 d5 41.Bxe4 dxe4 42.Rxd7 Bxc4 43.Rb7 f5 44.Rxb6 f4
45.gxf4 exf4 46.Kf2 f3 47.Rd6 Ra8 48.Rxc4 Rxa1 49.Rxe4

[Event "9th EUROPEAN  INDIVIDUAL  WOME"]
[Site "Plovdiv, Bulgaria"]
[Date "2008.05.01"]
[Round "10"]
[Board "1"]
[White "Stefanova, Milena"]
[Black "Khropova, Larisa"]
[Result "1-0"]
[WhiteElo "2029"]
[BlackElo "2069"]
[PlyCount "117"]
[EventDate "2008.04.21"]
[EventRounds "11"]
[EventCountry "BUL"]

1.e4 c5 2.c3 d5 3.exd5 Qxd5 4.d4 Nf6 5.dxc5 Qxc5 6.Be3 Qc7 7.Na3 a6 8.Nc4 Nbd7
9.a4 b6 10.a5 bxa5 11.Qa4 Rb8 12.Qxa5 Qb7 13.Be2 e6 14.Bf4 Ra8 15.Bd6 Qc6 16.Qa3
Ne4 17.Bxf8 Rxf8 18.Nf3 Qc7 19.O-O f6 20.Nd4 Kf7 21.Bf3 Ndc5 22.b4 Nb7 23.Bxe4
Qxc4 24.Qb3 Qxb3 25.Nxb3 Ra7 26.b5 Nd6 27.b6 Re7 28.Bd3 Bb7 29.c4 Rd8 30.c5 Nb5
31.Bxb5 axb5 32.Ra7 Bd5 33.Rxe7+ Kxe7 34.Nd4 Rc8 35.Rc1 Kd7 36.Nxb5 Rb8 37.Na7
g5 38.c6+ Bxc6 39.Rxc6 Rb7 40.Kf1 h5 41.Ke2 Rb8 42.Rc7+ Kd6 43.Nb5+ Kd5 44.b7 e5
45.Kd3 e4+ 46.Kc3 f5 47.Kb4 f4 48.Ka5 e3 49.fxe3 fxe3 50.Kb6 Re8 51.Rc8 Re6+
52.Ka5 e2 53.Nc3+ Kd4 54.Nxe2+ Rxe2 55.b8=Q Ra2+ 56.Kb5 Rb2+ 57.Kc6 Rxb8 58.Rxb8
Ke3 59.Rf8

[Event "9th EUROPEAN  INDIVIDUAL  WOME"]
[Site "Plovdiv, Bulgaria"]
[Date "2008.05.01"]
[Round "10"]
[Board "1"]
[White "Galunova, Tsveta"]
[Black "Foisor, Mihaela Veronica"]
[Result "0-1"]
[WhiteElo "1816"]
[BlackElo "2088"]
[PlyCount "80"]
[EventDate "2008.04.21"]
[EventRounds "11"]
[EventCountry "BUL"]

1.e4 c5 2.c3 e6 3.d4 d5 4.exd5 exd5 5.Be3 c4 6.Nf3 Bd6 7.Be2 Nf6 8.Nbd2 h6 9.Qc2
Nc6 10.b3 cxb3 11.axb3 Be6 12.O-O O-O 13.h3 Rc8 14.c4 Qd7 15.Rfc1 Bb8 16.Qc3
Rfd8 17.Bd3 Bf5 18.c5 Ne4 19.Qb2 Nb4 20.Be2 b6 21.Qa3 bxc5 22.dxc5 Nxd2 23.Qxb4
Nxf3+ 24.Bxf3 d4 25.Bd2 Qc7 26.g3 Qd7 27.Bb7 Rc7 28.c6 Qd5 29.Kh2 g5 30.Rf1 Re8
31.Qa3 Re2 32.Ba5 Qf3 33.Ra2 Rxb7 34.Rxe2 Qxe2 35.cxb7 Qxf1 36.Qe7 Qxf2+ 37.Kh1
Qf1+ 38.Kh2 Qxh3+ 39.Kg1 Qxg3+ 40.Kf1 Bd3+

[Event "9th EUROPEAN  INDIVIDUAL  WOME"]
[Site "Plovdiv, Bulgaria"]
[Date "2008.05.01"]
[Round "10"]
[Board "1"]
[White "Mijovic, Aleksandra"]
[Black "Mihajlova, Diana"]
[Result "1-0"]
[WhiteElo "2222"]
[BlackElo "1623"]
[PlyCount "55"]
[EventDate "2008.04.21"]
[EventRounds "11"]
[EventCountry "BUL"]

1.e4 e5 2.Nf3 d6 3.d4 Bg4 4.dxe5 Bxf3 5.Qxf3 dxe5 6.Bc4 Nf6 7.Qb3 Qe7 8.Qxb7
Qb4+ 9.Qxb4 Bxb4+ 10.Bd2 Bc5 11.f3 Nc6 12.Bb5 Kd7 13.Nc3 a6 14.Ba4 Rhb8 15.O-O-O
Bd4 16.b3 Kd6 17.Ne2 Rb6 18.c3 Bxc3 19.Bxc3+ Kc5 20.Bxc6 Rxc6 21.Bxe5 Kb4+
22.Kb2 Kb5 23.Nd4+ Kb6 24.Nxc6 Kxc6 25.Bxf6 gxf6 26.Rd5 f5 27.Rc1+ Kb7 28.Rxf5

[Event "9th EUROPEAN  INDIVIDUAL  WOME"]
[Site "Plovdiv, Bulgaria"]
[Date "2008.05.02"]
[Round "11"]
[Board "1"]
[White "Zhukova, Natalia"]
[Black "Skripchenko, Almira"]
[Result "1/2-1/2"]
[WhiteElo "2450"]
[BlackElo "2443"]
[PlyCount "22"]
[EventDate "2008.04.21"]
[EventRounds "11"]
[EventCountry "BUL"]

1.d4 Nf6 2.c4 e6 3.Nf3 c5 4.d5 b5 5.Bg5 exd5 6.cxd5 d6 7.e4 a6 8.a4 Be7 9.Nbd2
Nxd5 10.Bxe7 Qxe7 11.axb5 O-O

[Event "9th EUROPEAN  INDIVIDUAL  WOME"]
[Site "Plovdiv, Bulgaria"]
[Date "2008.05.02"]
[Round "11"]
[Board "1"]
[White "Cmilyte, Viktorija"]
[Black "Cramling, Pia"]
[Result "1-0"]
[WhiteElo "2466"]
[BlackElo "2539"]
[PlyCount "81"]
[EventDate "2008.04.21"]
[EventRounds "11"]
[EventCountry "BUL"]

1.d4 Nf6 2.c4 e6 3.Nf3 b6 4.g3 Ba6 5.Qc2 Bb4+ 6.Bd2 Be7 7.Bg2 O-O 8.O-O d5 9.b3
c6 10.Rd1 Nbd7 11.Bf4 Nh5 12.Bc1 Nhf6 13.Bf4 Nh5 14.Bc1 Nhf6 15.Bb2 Rc8 16.Nbd2
b5 17.c5 b4 18.Re1 Bb5 19.a3 a5 20.axb4 axb4 21.Nc4 Bxc4 22.bxc4 Ne4 23.e3 f5
24.Qb3 Rb8 25.cxd5 exd5 26.Re2 Bf6 27.Ne1 Ra8 28.Rxa8 Qxa8 29.Nd3 Qa6 30.Rc2 Rb8
31.f3 Nc3 32.Nxb4 Nb1 33.Qxd5+ cxd5 34.Nxa6 Rb3 35.c6 Nb6 36.c7 Kf7 37.f4 Rxe3
38.Bxd5+ Kg6 39.Kf2 Re8 40.Ba2 Na3 41.Rc6

[Event "9th EUROPEAN  INDIVIDUAL  WOME"]
[Site "Plovdiv, Bulgaria"]
[Date "2008.05.02"]
[Round "11"]
[Board "1"]
[White "Danielian, Elina"]
[Black "Socko, Monika"]
[Result "1/2-1/2"]
[WhiteElo "2479"]
[BlackElo "2505"]
[PlyCount "69"]
[EventDate "2008.04.21"]
[EventRounds "11"]
[EventCountry "BUL"]

1.d4 Nf6 2.Bg5 e6 3.e4 h6 4.Bxf6 Qxf6 5.Nc3 Bb4 6.Qd2 d6 7.a3 Ba5 8.Nf3 O-O 9.e5
Qe7 10.Bd3 Bxc3 11.Qxc3 b6 12.O-O-O Bb7 13.Rhg1 Rc8 14.Kb1 Nd7 15.Be2 c5 16.exd6
Qxd6 17.dxc5 Qe7 18.Qe3 Rxc5 19.g4 Rac8 20.Nd4 Re5 21.Qd2 Nf6 22.f4 Ne4 23.Qb4
Rec5 24.Bf3 Qc7 25.f5 Rc4 26.Qe1 Rxd4 27.Rxd4 Qxc2+ 28.Ka1 Nc5 29.Bxb7 Nb3+
30.Ka2 Nxd4 31.Bxc8 Qc4+ 32.Kb1 Qd3+ 33.Ka2 Qc4+ 34.Kb1 Qd3+ 35.Ka2

[Event "9th EUROPEAN  INDIVIDUAL  WOME"]
[Site "Plovdiv, Bulgaria"]
[Date "2008.05.02"]
[Round "11"]
[Board "1"]
[White "Muzychuk, Anna"]
[Black "Pogonina, Natalija"]
[Result "1/2-1/2"]
[WhiteElo "2486"]
[BlackElo "2470"]
[PlyCount "58"]
[EventDate "2008.04.21"]
[EventRounds "11"]
[EventCountry "BUL"]

1.e4 c5 2.Nf3 d6 3.c3 Nf6 4.Be2 g6 5.O-O Bg7 6.Bb5+ Nbd7 7.Re1 a6 8.Bf1 O-O 9.d4
cxd4 10.cxd4 b5 11.b3 Bb7 12.Nbd2 e5 13.a4 bxa4 14.dxe5 Ng4 15.bxa4 Ngxe5
16.Nxe5 Nxe5 17.Rb1 Bc6 18.Bb2 Qd7 19.Nc4 Bxa4 20.Nb6 Bxd1 21.Nxd7 Bc2 22.Bxe5
dxe5 23.Rbc1 Rfd8 24.Nc5 Rd2 25.Re2 Rxe2 26.Bxe2 Bf8 27.Rxc2 Rc8 28.Bxa6 Rxc5
29.Rxc5 Bxc5

[Event "9th EUROPEAN  INDIVIDUAL  WOME"]
[Site "Plovdiv, Bulgaria"]
[Date "2008.05.02"]
[Round "11"]
[Board "1"]
[White "Mkrtchian, Lilit"]
[Black "Houska, Jovanka"]
[Result "1-0"]
[WhiteElo "2413"]
[BlackElo "2390"]
[PlyCount "65"]
[EventDate "2008.04.21"]
[EventRounds "11"]
[EventCountry "BUL"]

1.e4 c6 2.d4 d5 3.Nd2 dxe4 4.Nxe4 Bf5 5.Ng3 Bg6 6.h4 h6 7.Nf3 Nd7 8.h5 Bh7 9.Bd3
Bxd3 10.Qxd3 e6 11.Bf4 Qa5+ 12.Bd2 Bb4 13.c3 Be7 14.c4 Qc7 15.O-O-O Ngf6 16.Rhe1
O-O 17.Nf5 exf5 18.Rxe7 Ne4 19.Nh4 Rae8 20.Nxf5 Nxd2 21.Rxd2 Rxe7 22.Nxe7+ Kh8
23.Qf3 Nf6 24.Nf5 Qa5 25.a3 Re8 26.g4 Re4 27.Nxh6 Re1+ 28.Rd1 Ne4 29.Nxf7+ Kg8
30.b4 Rxd1+ 31.Kxd1 Qa4+ 32.Kc1 Nxf2 33.Ng5

[Event "9th EUROPEAN  INDIVIDUAL  WOME"]
[Site "Plovdiv, Bulgaria"]
[Date "2008.05.02"]
[Round "11"]
[Board "1"]
[White "Dembo, Yelena"]
[Black "Peng, Zhaoqin"]
[Result "1-0"]
[WhiteElo "2429"]
[BlackElo "2455"]
[PlyCount "87"]
[EventDate "2008.04.21"]
[EventRounds "11"]
[EventCountry "BUL"]

1.e4 c5 2.Nf3 d6 3.d4 cxd4 4.Nxd4 Nf6 5.Nc3 g6 6.Be2 Bg7 7.O-O Nc6 8.Nb3 O-O
9.Bg5 Be6 10.Kh1 Rc8 11.f4 Nd7 12.f5 Bxb3 13.axb3 Nc5 14.Bd3 a6 15.Rb1 h6 16.Be3
e6 17.Qd2 Kh7 18.Qf2 Nd7 19.Rbd1 Qe7 20.Qg3 Nb4 21.Qh3 Ne5 22.f6 Bxf6 23.Bxh6
Kg8 24.Bxf8 Rxf8 25.Qe3 Kg7 26.Be2 Nec6 27.Bd3 Rh8 28.Ne2 Ne5 29.h3 Rc8 30.Nd4
d5 31.Be2 Nxc2 32.Nxc2 Rxc2 33.exd5 exd5 34.Bf3 d4 35.Rxd4 Qc7 36.Rdd1 Rxb2
37.Bd5 Rc2 38.Qf4 Qe7 39.Bxb7 a5 40.Bd5 Rc5 41.Qe4 Bh4 42.Qd4 Bf6 43.Rxf6 Kxf6
44.Rf1+

[Event "9th EUROPEAN  INDIVIDUAL  WOME"]
[Site "Plovdiv, Bulgaria"]
[Date "2008.05.02"]
[Round "11"]
[Board "1"]
[White "Muzychuk, Mariya"]
[Black "Dzagnidze, Nana"]
[Result "0-1"]
[WhiteElo "2387"]
[BlackElo "2443"]
[PlyCount "146"]
[EventDate "2008.04.21"]
[EventRounds "11"]
[EventCountry "BUL"]

1.e4 c5 2.c4 Nc6 3.Ne2 Nf6 4.Nbc3 e6 5.d4 cxd4 6.Nxd4 Qa5 7.Nb3 Qc7 8.Be3 Bb4
9.f3 O-O 10.Be2 Bxc3+ 11.bxc3 d6 12.O-O b6 13.Nd4 Ba6 14.Nb5 Bxb5 15.cxb5 Na5
16.Qd4 Rac8 17.Rac1 e5 18.Qb4 d5 19.Bg5 Qc5+ 20.Qxc5 Rxc5 21.exd5 Nxd5 22.c4 Nf4
23.Bxf4 exf4 24.Rfd1 Rfc8 25.Rd7 R5c7 26.Rcd1 Kf8 27.R1d4 g5 28.g3 fxg3 29.hxg3
Nb7 30.Rxc7 Rxc7 31.Bd3 Kg7 32.Be4 Nc5 33.Bd5 Re7 34.Kf2 h5 35.Rd1 Kg6 36.f4 f6
37.Kf3 Kf5 38.Bc6 g4+ 39.Kf2 Ne4+ 40.Bxe4+ Rxe4 41.Rd5+ Kg6 42.Rd7 Rxc4 43.Rxa7
Rc2+ 44.Kg1 Kf5 45.a4 h4 46.a5 Rc1+ 47.Kh2 hxg3+ 48.Kxg3 Rc3+ 49.Kg2 bxa5
50.Rxa5 Rb3 51.Ra6 Rxb5 52.Kg3 Rb3+ 53.Kg2 Rf3 54.Rb6 Rxf4 55.Rb5+ Ke6 56.Kg3
Rd4 57.Rb6+ Ke5 58.Rb8 f5 59.Re8+ Kf6 60.Rf8+ Kg6 61.Rg8+ Kf7 62.Rb8 Rd3+ 63.Kf4
Rf3+ 64.Ke5 Kg6 65.Rg8+ Kh5 66.Kf6 Kh4 67.Rh8+ Kg3 68.Rg8 Kg2 69.Kg5 g3 70.Rb8
Kh2 71.Rh8+ Kg1 72.Rb8 g2 73.Rb2 Kh1

[Event "9th EUROPEAN  INDIVIDUAL  WOME"]
[Site "Plovdiv, Bulgaria"]
[Date "2008.05.02"]
[Round "11"]
[Board "1"]
[White "Rajlich, Iweta"]
[Black "Khukhashvili, Sopiko"]
[Result "1/2-1/2"]
[WhiteElo "2411"]
[BlackElo "2371"]
[PlyCount "169"]
[EventDate "2008.04.21"]
[EventRounds "11"]
[EventCountry "BUL"]

1.d4 Nf6 2.c4 g6 3.Nc3 Bg7 4.e4 d6 5.Be2 e5 6.d5 a5 7.h4 O-O 8.h5 Na6 9.hxg6
fxg6 10.Bg5 Qe8 11.Qd2 Nc5 12.Rh4 Bd7 13.O-O-O Na4 14.Nb5 Bxb5 15.cxb5 Nc5 16.f3
a4 17.Bc4 Qb8 18.Bh6 Bxh6 19.Qxh6 Qa7 20.Qd2 Ncd7 21.Kb1 Qa5 22.Qc1 Nb6 23.a3
Nxc4 24.Qxc4 Qb6 25.Ne2 Qf2 26.Rh2 Nd7 27.Rdh1 Rf7 28.Nc1 Qc5 29.Qxc5 Nxc5
30.Ne2 b6 31.Nc3 g5 32.Rh5 Rg7 33.Nd1 Nd7 34.Rh6 Nf8 35.Ne3 Rg6 36.R6h2 Kh8
37.g4 Rg7 38.Nf5 Rd7 39.Rh6 Rf7 40.R6h5 Ng6 41.Rxg5 Ne7 42.Rh6 Rg8 43.Rxg8+ Kxg8
44.Kc2 Nxf5 45.exf5 Kg7 46.Rh2 Kf6 47.Kd3 Kg7 48.Ke4 h6 49.Rc2 Kf6 50.Rc4 h5
51.gxh5 Rh7 52.Rxa4 Rxh5 53.Ra8 Rh4+ 54.Ke3 Kxf5 55.Rf8+ Kg6 56.b3 Rd4 57.Rc8
Rxd5 58.Rxc7 Rxb5 59.b4 Rd5 60.Ra7 Kf5 61.Ra6 b5 62.Ra5 Ke6 63.Ke2 Kd7 64.a4 Kc6
65.Ra6+ Kc7 66.Ra5 Kc6 67.Ra6+ Kd7 68.Ra7+ Ke6 69.a5 Rd4 70.Rb7 Rxb4 71.a6 Ra4
72.a7 Ra3 73.Kd2 b4 74.Rxb4 Rxa7 75.f4 Ra3 76.fxe5 dxe5 77.Ke2 Kf5 78.Rc4 Rg3
79.Ra4 Rh3 80.Rb4 Ke6 81.Ra4 Kd5 82.Ra5+ Ke4 83.Ra4+ Kf5 84.Rb4 e4 85.Rb8